000 02339nam0a2200397 i 4500
001 RU\NLR\bibl\1993549
005 20260503055122.0
010 _a9785757917399
_9250
021 _aRU
_b2013-1178
_978
035 _a(nilc)RuMoRGB-006518106
035 _a(NLR Aleph) 001982025
090 _a4104096
_c4104095
100 _a20130130d2012 u y0rusy50 ca
101 0 _arus
102 _aRU
105 _aa |||||||||
200 1 _aИсследование и контроль качества изображения оптико-электронных приборов
_eучебное пособие
_fА.И. Карпов, А.В. Лукин, И.Г. Вендеревская, М.П. Семенова
_gМ-во образования и науки Рос. Федерации, Федер. гос. бюджет. образоват. учреждение высш. проф. образования "Каз. нац. исслед. техн. ун-т им. А.Н. Туполева - КАИ"
210 _aКазань
_cИзд-во Казанского государственного технического университета
_d2012
215 _a94, [2] с.
_cил.
_d20
313 _aизображения деталей
320 _aБиблиогр.: с. 94-95 (14 назв.)
606 1 _aОптоэлектронные приборы
_jУчебные издания для высших учебных заведений
_xДетали
_xКачество поверхности
_xКонтроль
_92174708
_3RU\NLR\AUTH\6601544257
686 1 _aК960.42-7я73-1
701 1 _4070
_aКарпов
_bА. И.
_cканд. техн. наук
_gАлексей Иванович
_9129846
_3RU\NLR\AUTH\770129877
701 1 _aЛукин
_bА. В.
_gАнатолий Васильевич
_4070
701 1 _aВендеревская
_bИ. Г.
_gИрина Геннадьевна
_4070
701 1 _4070
_aСеменова
_bМ. П.
_cспециалист по опто-электронике
_f-2012
_gМарина Петровна
_9129847
_3RU\NLR\AUTH\770129878
801 0 _aRU
_bRuMoRKP
_c20130130
_gRCR
801 2 _aRU
_bРГБ
_c20130211
_grcr
801 1 _aRU
_bRuMoRKP
_c20130130
_2rusmarc
801 2 _aRU
_bNLR
_c20130130
_grcr
830 _aавт. по кн.
942 _cBOOK
980 _aNBR